| 000 | 00681nam a22002177a 4500 | ||
|---|---|---|---|
| 003 | 0 | ||
| 005 | 20250318164335.0 | ||
| 008 | 250318b xxu||||| |||| 00| 0 eng d | ||
| 020 | _a9781265083922 | ||
| 050 |
_aHF 5635 _b.L53 2023 |
||
| 100 | _aLibby, Robert | ||
| 245 |
_aFinancial accounting _cRobert Libby and two others |
||
| 250 | _aEleventh edition. | ||
| 260 |
_aNew York _bMcGraw Hill _cc2023 |
||
| 300 |
_axxxi, 735 pages : _bcolored pictures and illustrations ; _c28cm. |
||
| 504 | _aIncludes bibliographical references, index, and glossary. | ||
| 650 | _aFinancial accounting. | ||
| 700 | _aLibby, Patricia A. | ||
| 700 | _aHodge, Frank | ||
| 942 |
_2lcc _cBK |
||
| 999 |
_c367310 _d367310 |
||